Обзорная информация. 1980, Вып.1(52): Бригадная форма организации труда рабочих в строительстве и ремонтно-строительном производстве и совмещение профессий (Запись № 2208967)

Подробности
000 -МАРКЕР
контрольное поле 01490nam2a22002531 4500
001 - ИДЕНТИФИКАТОР ЗАПИСИ
контрольное поле RU\NLR\INFOCOMM16\1000044388
005 - ИДЕНТИФИКАТОР ВЕРСИИ
контрольное поле 20250617044123.0
035 ## - ДРУГИЕ СИСТЕМНЫЕ НОМЕРА
Идентификатор записи (NLR Aleph) 002456120
100 ## - ДАННЫЕ ОБЩЕЙ ОБРАБОТКИ
Данные общей обработки 20040317d1980 |||y0rusy50 ca
101 0# - ЯЗЫК РЕСУРСА
Язык текста, звукозаписи и т.д. русский
102 ## - СТРАНА ПУБЛИКАЦИИ ИЛИ ПРОИЗВОДСТВА
Страна публикации Российская Федерация
105 ## - ПОЛЕ КОДИРОВАННЫХ ДАННЫХ: ТЕКСТОВЫЕ МАТЕРИАЛЫ, МОНОГРАФИЧЕСКИЕ
Кодированные данные о монографическом текстовом документе y |||||||||
200 1# - ЗАГЛАВИЕ И СВЕДЕНИЯ ОБ ОТВЕТСТВЕННОСТИ
Основное заглавие Бригадная форма организации труда рабочих в строительстве и ремонтно-строительном производстве и совмещение профессий
Первые сведения об ответственности Ю.А. Дрякин
210 ## - ПУБЛИКАЦИЯ, РАСПРОСТРАНЕНИЕ И ДР.
Дата издания, распространения и т.д. 1980
Место издания, распространения и т.д. Б. м.
461 #0 - УРОВЕНЬ НАБОРА
Встроенное поле 001RU\NLR\INFOCOMM16\1000044336
-- 2001#$aОбзорная информация$iСерия "Жилищное хозяйство"$fАкад. коммун. хоз-ва им. К.Д. Памфилова. Ин-т экономики жил.-коммун. хоз-ва$v1980, Вып.1(52)
Системный номер (АБИС) связанной записи 2208653
Автор Институт экономики жилищно-коммунального хозяйства (Москва)
Место публикации М.
Дата публикации 1963-
Первые сведения об ответственности Акад. коммун. хоз-ва им. К.Д. Памфилова. Ин-т экономики жил.-коммун. хоз-ва
Заглавие части Серия "Жилищное хозяйство"
Заглавие Обзорная информация
ISSN 0235-7887
Номер тома 1980, Вып.1(52)
700 #1 - ИМЯ ЛИЦА - ПЕРВИЧНАЯ ОТВЕТСТВЕННОСТЬ
Начальный элемент ввода Дрякин
Часть имени, кроме начального элемента ввода Ю.А.
Код отношения Автор
801 #1 - ИСТОЧНИК ЗАПИСИ
Страна Российская Федерация
Организация InfoComm
Дата составления 20040317
801 #0 - ИСТОЧНИК ЗАПИСИ
Страна Российская Федерация
Организация NLR
Правила каталогизации PSBO
852 ## - МЕСТОНАХОЖДЕНИЕ И ШИФР ХРАНЕНИЯ
Идентификатор организации NLR
Шифр хранения (Call Number) П10/2605
942 ## - ДОПОЛНИТЕЛЬНЫЕ ЭЛЕМЕНТЫ ЗАПИСИ (АБИС)
Тип экземпляра АБИС Выпуск
980 ## - КОЛЛЕКЦИЯ
Название коллекции Национальная библиография
980 ## - КОЛЛЕКЦИЯ
Название коллекции Русская периодика

Нет доступных экземпляров.